| 000 | 00915nam a2200289Ia 4500 | ||
|---|---|---|---|
| 001 | Z_6097 | ||
| 003 | CHAP | ||
| 008 | 220113s2000 xx 000 0 und d | ||
| 010 | _a169328 | ||
| 020 | _a84-8322-155-1 | ||
| 040 | _cCHAP | ||
| 082 | _a657.76 C66 | ||
| 245 |
_aContabilidad de costos y estratégica de gestión / _cCarlos Mallo; coautor Robert S. Kaplan; coautor Sylvia Mejia; coautor Carlos Giménez |
||
| 260 |
_aEspaña : _bPrentice Hall, _c2000 |
||
| 300 | _axvi, 786 p. | ||
| 503 | _aej.1: Donado por la Profa. Maldonado Simán, Ema | ||
| 504 | _aIncluye índice | ||
| 650 |
_aContabilidad _927421 |
||
| 650 |
_aContabilidad de Costos _927425 |
||
| 700 |
_aI. Mallo, Carlos, autor II. Kaplan, Robert S., coaut. III. Mejía, Sylvia, coaut. IV. Giménez Carlos, coaut. _9143931 |
||
| 901 | _a657.76 C66 | ||
| 902 | _aA | ||
| 910 | _a2000 | ||
| 942 | _c1 | ||
| 942 | _cc1 | ||
| 999 |
_c169328 _d169328 |
||